[Event "BEL-chT 0001"]
[Site "Belgium"]
[Date "2001.03.04"]
[Round "13"]
[White "Goossens, Etienne"]
[Black "Ait Messaoud, Aziz"]
[Result "1-0"]
[WhiteElo "2192"]
[BlackElo "2175"]
[PlyCount "31"]
[EventDate "2000.11.18"]
[EventType "team"]
[EventRounds "13"]
[EventCountry "BEL"]
[SourceTitle "CBM 081 Extra"]
[Source "ChessBase"]
[SourceDate "2001.05.06"]
[SourceVersion "1"]
[SourceVersionDate "2001.05.06"]
[SourceQuality "1"]

1. d4 d5 2. c4 c6 3. Nf3 Nf6 4. Nc3 e6 5. Bg5 h6 6. Bxf6 Qxf6 7. g3 Nd7 8. Bg2 dxc4 9. 0-0 e5 10. Ne4 Qe6 11. dxe5 Nxe5 12. Qd4 Nd7 13. Rad1 c5 14. Qe3 Nb6 15. Bh3 Qxh3 16. Nf6# 1-0

[Event "BEL-chT 0001"]
[Site "Belgium"]
[Date "2001.02.04"]
[Round "8"]
[White "Ait Messaoud, Aziz"]
[Black "Thirion, Marcel"]
[Result "1-0"]
[WhiteElo "2175"]
[BlackElo "2200"]
[PlyCount "67"]
[EventDate "2000.11.18"]
[EventType "team"]
[EventRounds "13"]
[EventCountry "BEL"]
[SourceTitle "CBM 081 Extra"]
[Source "ChessBase"]
[SourceDate "2001.05.06"]
[SourceVersion "1"]
[SourceVersionDate "2001.05.06"]
[SourceQuality "1"]

1. d4 f5 2. c4 Nf6 3. g3 g6 4. Bg2 Bg7 5. Nc3 0-0 6. Nh3 d6 7. d5 Na6 8. 0-0 Nc5 9. Nf4 e5 10. dxe6 c6 11. Qc2 Qe7 12. h4 Nxe6 13. Nxe6 Bxe6 14. b3 Rad8 15. Bg5 h6 16. Be3 Ng4 17. Bxa7 b5 18. Bb6 Rb8 19. cxb5 Rxb6 20. bxc6 Qa7 21. Rad1 Bxc3 22. Qxc3 Qxa2 23. Rxd6 Qxb3 24. Qxb3 Bxb3 25. Rb1 Ne5 26. Rxb3 Rxb3 27. Bd5+ Kg7 28. Bxb3 Rb8 29. Bd5 Rb1+ 30. Kg2 Rd1 31. c7 Rc1 32. Bc6 Nf7 33. c8Q Nxd6 34. Qd7+ 1-0

[Event "Abihome-B"]
[Site "Brussels"]
[Date "1995.10.??"]
[Round "6.3"]
[White "Pollet, L."]
[Black "Ait Messaoud, Aziz"]
[Result "1/2-1/2"]
[WhiteElo "1820"]
[BlackElo "1871"]
[PlyCount "61"]
[EventDate "1995.10.28"]
[EventType "swiss (rapid)"]
[EventRounds "11"]
[EventCountry "BEL"]
[SourceTitle "EXT 2015"]
[Source "ChessBase"]
[SourceDate "2014.11.20"]
[SourceVersion "1"]
[SourceVersionDate "2014.11.20"]
[SourceQuality "1"]

1. e4 d5 2. exd5 Nf6 3. d4 Nxd5 4. c4 Nb6 5. Nc3 c6 6. b3 g6 7. Bb2 Bg7 8. Nge2 0-0 9. g3 Re8 10. Bg2 Bg4 11. 0-0 e5 12. h3 exd4 13. hxg4 dxc3 14. Qxd8 Rxd8 15. Bxc3 N8d7 16. Rad1 Bxc3 17. Nxc3 Ne5 18. g5 a5 19. Rfe1 Ned7 20. Re3 Nf8 21. Red3 Rxd3 22. Rxd3 Ne6 23. Ne4 a4 24. Bh3 Rd8 25. Rxd8+ Nxd8 26. f4 a3 27. Kf2 Na8 28. c5 Nc7 29. Nd6 Na6 30. Ne4 Nb4 31. Nc3 1/2-1/2